000 00572nam a2200205Ia 4500
005 20230912115410.0
008 131103s9999 xx 000 0 und d
020 _cRs.40.00
040 _aLoreto College
041 _aEnglish
082 _a220
_bBIB-MIN
100 _aChristia Mingo S. J.
245 _aMongolbarta Bible(vol 2)
_b Practon sondhi
_cChristia Mingo S. J. ,Sajol Gangopadhyay
260 _aKolkata
_bSwapna printing works pvt ltd
_c2003
300 _a1204p.
650 _aBible
700 _aGangopadhyay ,Sajol
850 _aLCLIB
942 _cBK
999 _c36748
_d87227